UM Logo

Going back to its roots : (Record no. 17901)

MARC details
000 -LEADER
fixed length control field 00769nam a22002057a 4500
003 - CONTROL NUMBER IDENTIFIER
control field OSt
005 - DATE AND TIME OF LATEST TRANSACTION
control field 20230127131300.0
008 - FIXED-LENGTH DATA ELEMENTS--GENERAL INFORMATION
fixed length control field 230127b ||||| |||| 00| 0 eng d
040 ## - CATALOGING SOURCE
Transcribing agency 0
082 ## - DEWEY DECIMAL CLASSIFICATION NUMBER
Classification number DPer 910.46 T156 2019 v76PA-76PB
100 ## - MAIN ENTRY--PERSONAL NAME
Personal name Mody, Makarand.
Relator term author.
9 (RLIN) 47624
245 ## - TITLE STATEMENT
Title Going back to its roots :
Remainder of title can hospitableness provide hotels competitive advantage over the sharing economy? /
Statement of responsibility, etc. Makarand Mody, Courtney Suess, Xinran Lehto.
260 ## - PUBLICATION, DISTRIBUTION, ETC. (IMPRINT)
Place of publication, distribution, etc. Amsterdam :
Name of publisher, distributor, etc. Elsevier,
Date of publication, distribution, etc. ©January 2019.
300 ## - PHYSICAL DESCRIPTION
Extent v 76PA, pages 286-298 : illustrations.
650 ## - SUBJECT ADDED ENTRY--TOPICAL TERM
Topical term or geographic name as entry element Hospitality industry.
9 (RLIN) 47625
700 ## - ADDED ENTRY--PERSONAL NAME
Personal name Mody, Makarand.
Relator term author.
9 (RLIN) 47624
700 ## - ADDED ENTRY--PERSONAL NAME
Personal name Suess, Courtney.
Relator term author.
9 (RLIN) 47626
700 ## - ADDED ENTRY--PERSONAL NAME
Personal name Lehto, Xinran.
Relator term author.
9 (RLIN) 47627
942 ## - ADDED ENTRY ELEMENTS (KOHA)
Source of classification or shelving scheme Dewey Decimal Classification
Koha item type Periodicals
Holdings
Withdrawn status Lost status Source of classification or shelving scheme Damaged status Not for loan Collection code Home library Current library Date acquired Total Checkouts Full call number Date last seen Price effective from Koha item type Public note
    Dewey Decimal Classification     Periodicals UM Digos College - LIC UM Digos College - LIC 01/27/2023   DPer 910.46 T156 2019 v76PA-76PB 01/27/2023 01/27/2023 Periodicals Periodical